Statistics for Géomatique de Guenet

Click here to take the quiz!

General Stats

  • This quiz has been taken 68 times
  • The average score is 20 of 34

Answer Stats

Answer% Correct
sémantique
86%
Cône
79%
plan
79%
Cylindre
71%
global
71%
graphique
71%
local
71%
modèle logique
71%
toponymique
71%
couleur
64%
géométrique
64%
hydrographie
64%
orographie
64%
valeur
64%
x
64%
y
64%
Entrée de données
57%
forme
57%
grain
57%
orientation
57%
Sortie de données
57%
taille
57%
traitement de données
57%
vectorielle
57%
végétation
57%
noeud
50%
planimétrie
50%
polygone
50%
toponymie
50%
chaine
43%
fractale
43%
modèle physique
43%
topologique
43%
modèle conceptuel
36%

Score Distribution

Percentile by Number Answered

Percent of People with Each Score

Your Score History

You have not taken this quiz